000 00609nas a2200217 4500
001 BR8502870
003 BR-BrBNA
005 20231205090217.0
007 ta
008 230509b bl.|||p| |||| 00| 00por d
040 _aBR-BrBNA
_bpor
_cBiblioteca Nacional de Agricultura
041 _a(Pt)
072 _aL73
100 1 _aCastro, G.M. de
245 1 _aColibacilose
650 _aCOLIBACILOSE
650 _aAVICULTURA DE CORTE
773 0 _tCasa da Agricultura (Brazil)
_xISSN 0100-6541
_g(Jul-Aug 1985), v. 7(4) p. 27-29
_wBR8502870
909 _a202311
_bLúcia
_c55
_dLúcia Elande
942 _2AGRIS
_n0
_cANA
999 _c116836
_d116836